00651nam a2200181 a 450000500170000000800410001704000250005804100080008304400070009110000240009824501950012226000260031730000100034365000300035365000130038365000410039666200320043720191224041526.0140220b1994 ck ||||| |||| 00| 0 spa d aCO-BoIAVHcCO-BoIAVH aspa ack aVargas Tovar, Nancy aEvaluación del estado de las poblaciones Saguinus Ieucopus Gunther, 1817 (PrimatesbCallitrichidae), para determinar áreas potenciales de conservación en el sector de La Dorada, Caldas aManizalesbS n.c1994 a43 p. aEcología de poblaciones aPrimates aAreas prioritarias de conservación aColombiadLa DoradabCaldas